Statistics for UFC Division Rankings (as of 7-19-21)

Click here to take the quiz!

General Stats

  • This quiz has been taken 103 times
  • The average score is 64 of 176

Answer Stats

Weight ClassRankingFighter% Correct
HeavyweightChampionFrancis Ngannou
96%
Heavyweight1Stipe Miocic
89%
Heavyweight2Derrick Lewis
86%
MiddleweightChampionIsrael Adesanya
84%
Bantamweight1Petr Yan
84%
BantamweightChampionAljamain Sterling
82%
WelterweightChampionKamaru Usman
82%
Middleweight1Robert Whittaker
82%
FlyweightChampionBrandon Moreno
81%
LightweightChampionCharles Oliveira
81%
Heavyweight3Ciryl Gane
79%
Light HeavyweightChampionJan Blachowicz
79%
FeatherweightChampionAlexander Volkanovski
77%
Welterweight1Colby Covington
77%
Featherweight1Max Holloway
77%
Lightweight4Michael Chandler
77%
Lightweight1Dustin Poirier
75%
Lightweight2Justin Gaethje
75%
Welterweight3Leon Edwards
74%
Heavyweight5Alexander Volkov
72%
Featherweight2Brian Ortega
72%
Lightweight7Conor McGregor
72%
Heavyweight4Curtis Blaydes
70%
Welterweight7Jorge Masvidal
70%
Lightweight5Tony Ferguson
70%
Welterweight2Gilbert Burns
68%
Flyweight1Deiveson Figueiredo
67%
Light Heavyweight2Jiri Prochazka
67%
Light Heavyweight5Dominick Reyes
65%
Middleweight2Paulo Costa
65%
Light Heavyweight6Anthony Smith
63%
Lightweight3Beneil Dariush
61%
Bantamweight2Cory Sandhagen
61%
Featherweight3Yair Rodriguez
61%
Women's BantamweightChampionAmanda Nunes
60%
Lightweight9Islam Makhachev
60%
Middleweight3Jared Cannonier
60%
Women's Strawweight6Marina Rodriguez
60%
Middleweight4Marvin Vettori
60%
Women's Strawweight7Nina Nunes
60%
Bantamweight4Jose Aldo
58%
Featherweight5Calvin Kattar
56%
Featherweight4Chan Sung Jung
56%
Lightweight8Dan Hooker
56%
Bantamweight9Dominick Cruz
56%
Middleweight9Kelvin Gastelum
54%
Women's StrawweightChampionRose Namajunas
54%
Light Heavyweight4Thiago Santos
54%
Women's FlyweightChampionValentina Shevchenko
54%
Heavyweight6Jairzinho Rozenstruik
53%
Women's Strawweight1Zhang Weili
53%
Light Heavyweight15Jamahal Hill
51%
Light Heavyweight10Johnny Walker
51%
Welterweight4Stephen Thompson
51%
Women's Flyweight12Talia Santos
51%
Heavyweight13Tom Aspinall
51%
Welterweight9Belal Muhammad
49%
Middleweight11Sean Strickland
49%
Women's Strawweight12Angela Hill
47%
Bantamweight5Cody Garbrandt
47%
Middleweight7Darren Till
47%
Flyweight7Kai Kara France
47%
Light Heavyweight7Magomed Ankalaev
47%
Featherweight6Arnold Allen
44%
Middleweight5Derek Brunson
44%
Featherweight9Edson Barboza
44%
Featherweight7Josh Emmett
44%
Bantamweight13Marlon Vera
44%
Lightweight6Rafael Dos Anjos
44%
Lightweight11Kevin Lee
42%
Flyweight3Alexandre Pantoja
40%
Women's Flyweight11Andrea Lee
40%
Women's Flyweight1Jessica Andrade
40%
Bantamweight3Rob Font
40%
Welterweight10Geoff Neal
39%
Middleweight14Kevin Holland
39%
Bantamweight6Marlon Moraes
39%
Bantamweight10Merab Dvalishvili
39%
Welterweight6Vicente Luque
39%
Women's Bantamweight2Holly Holm
37%
Women's Bantamweight5Julianna Pena
37%
Women's Strawweight3Carla Esparza
35%
Featherweight8Dan Ige
35%
Light Heavyweight3Aleksandar Rakic
33%
Middleweight13Chris Weidman
33%
Featherweight10Giga Chikadze
33%
Featherweight15Ilia Topuria
33%
Middleweight6Jack Hermansson
33%
Welterweight8Neil Magny
33%
Light Heavyweight12Paul Craig
33%
Heavyweight15Sergei Pavlovich
33%
Middleweight8Uriah Hall
33%
Light Heavyweight8Volkan Oezdemir
33%
Flyweight4Alex Perez
32%
Welterweight5Michael Chiesa
32%
Bantamweight8Pedro Munhoz
32%
Bantamweight7Frankie Edgar
30%
Featherweight11Bryce Mitchell
28%
Flyweight5Joseph Benavidez
28%
Heavyweight8Marcin Tybura
28%
Flyweight2Askar Askarov
26%
Women's Strawweight5Mackenzie Dern
26%
Light Heavyweight9Nikita Krylov
26%
Light Heavyweight11Ryan Spann
26%
Heavyweight9Augusto Sakai
25%
Flyweight6Brandon Royval
25%
Welterweight11Demian Maia
25%
Women's Flyweight4Jennifer Maia
25%
Women's Flyweight8Jessica Eye
25%
Flyweight10Tim Elliott
25%
Women's Flyweight10Alexa Grasso
23%
Women's Flyweight2Katlyn Chookagian
23%
Women's Flyweight3Lauren Murphy
23%
Welterweight12Li Jingliang
23%
Welterweight13Santiago Ponzinibbio
23%
Middleweight12Brad Tavares
21%
Lightweight10Gregor Gillespie
21%
Women's Strawweight2Joanna Jedrzejczyk
21%
Women's Flyweight14Maycee Barber
21%
Lightweight15Arman Tsarukyan
19%
Heavyweight10Chris Daukaus
19%
Women's Strawweight9Michelle Waterson
19%
Heavyweight14Serghei Spivac
19%
Heavyweight12Walt Harris
19%
Welterweight14Sean Brady
18%
Flyweight15Amir Albazi
16%
Women's Bantamweight1Germaine De Randamie
16%
Featherweight13Movsar Evloev
16%
Heavyweight11Blagoy Ivanov
14%
Women's Bantamweight4Irene Aldana
14%
Flyweight9Matt Schnell
12%
Bantamweight11Raphael Assuncao
12%
Heavyweight7Shamil Abdurakhimov
12%
Featherweight12Sodiq Yusuff
12%
Lightweight14Thiago Moises
12%
Women's Strawweight4Yan Xiaonan
12%
Lightweight13Brad Riddell
11%
Lightweight12Diego Ferreira
11%
Light Heavyweight1Glover Texiera
11%
Light Heavyweight14Jim Crute
11%
Flyweight13Matheus Nicolau
11%
Light Heavyweight13Misha Cirkunov
11%
Featherweight14Shane Burgos
11%
Women's Strawweight14Amanda Lemos
9%
Women's Strawweight11Amanda Ribas
9%
Women's Strawweight8Claudia Gadelha
9%
Middleweight10Edmen Shahbazyan
9%
Women's Flyweight6Joanne Calderwood
9%
Women's Bantamweight7Ketlen Vieira
9%
Bantamweight15Cody Stamann
7%
Women's Flyweight5Cynthia Calvillo
7%
Flyweight11David Dvorak
7%
Women's Flyweight13Miranda Maverick
7%
Flyweight12Raulian Paiva
7%
Women's Strawweight10Tecia Torres
7%
Women's Bantamweight3Aspen Ladd
5%
Bantamweight12Jimmie Rivera
5%
Women's Bantamweight12Marion Reneau
5%
Women's Flyweight15Montana De La Rosa
5%
Welterweight15Muslim Salikhov
5%
Flyweight8Rogerio Bontorin
5%
Women's Flyweight9Roxanne Modafferi
5%
Women's Strawweight13Virna Jandiroba
5%
Women's Bantamweight6Yana Kunitskaya
5%
Women's Bantamweight15Karol Rosa
4%
Bantamweight14Kyler Phillips
4%
Middleweight15Omari Akhmedov
4%
Women's Bantamweight13Sijara Eubanks
4%
Women's Flyweight7Viviane Araujo
4%
Women's Strawweight15Felice Herrig
2%
Women's Bantamweight10Lina Lansberg
2%
Women's Bantamweight9Macy Chiasson
2%
Women's Bantamweight14Julia Avila
0%
Women's Bantamweight11Pannie Kianzad
0%
Women's Bantamweight8Sara McMann
0%
Flyweight14Sumudaerji
0%

Score Distribution

Percentile by Number Answered

Percent of People with Each Score

Your Score History

You have not taken this quiz